Als 75 anys del poema Canigó / (Record no. 176497)

MARC details
000 -LEADER
campo de control de longitud fija 00815nam a22002295i 4500
001 - NÚMERO DE CONTROL
campo de control 176497
003 - IDENTIFICADOR DE NÚMERO DE CONTROL
campo de control ES-MaACL
005 - FECHA Y HORA DE LA ÚLTIMA TRANSACCIÓN
campo de control 20231227150149.0
008 - DATOS DE LONGITUD FIJA--INFORMACIÓN GENERAL
campo de control de longitud fija 110119s1961 sp a |||| | cat d
080 ## - NÚMERO DE LA CLASIFICACIÓN DECIMAL UNIVERSAL
Número de la Clasificación Decimal Universal 821.134.1.09
245 04 - MENCIÓN DEL TÍTULO
Título Als 75 anys del poema Canigó /
Mención de responsabilidad, etc. A. Balasch ... [et al.].
260 ## - PUBLICACIÓN, DISTRIBUCIÓN, ETC.
Lugar de publicación, distribución, etc. Sarrià (Barcelona) :
Nombre del editor, distribuidor, etc. Editorial Franciscana,
Fecha de publicación, distribución, etc. 1961.
300 ## - DESCRIPCIÓN FÍSICA
Extensión 159 p. :
Otras características físicas il. bl. y n. ;
Dimensiones 18 cm.
490 1# - MENCIÓN DE SERIE
Mención de serie Critèrion. Col·lecció Ideològica ;
Designación de volumen o secuencia 7
546 ## - NOTA DE IDIOMA
Nota de lengua/lenguaje Texto en catalán.
600 14 - PUNTO DE ACCESO ADICIONAL DE MATERIA--NOMBRE DE PERSONA
Nombre de persona Verdaguer, Jacint,
Fechas asociadas al nombre 1845-1902
9 (RLIN) 113998
650 #4 - PUNTO DE ACCESO ADICIONAL DE MATERIA--TÉRMINO DE MATERIA
Término de materia o nombre geográfico como elemento de entrada Literatura catalana-
Subdivisión general Historia y crítica.
9 (RLIN) 14515
700 0# - ENTRADA AGREGADA--NOMBRE PERSONAL
Nombre de persona Balasch y Torrell, Antonio.
9 (RLIN) 24831
830 0# - PUNTO DE ACCESO ADICIONAL DE SERIE-TÍTULO UNIFORME
Título uniforme Critèrion. Col·lecció Ideològica ;
Designación de volumen o secuencia 7
9 (RLIN) 190094
852 ## - LOCALIZACIÓN
Ubicación ES-MaACL
Número de control de estantería E-14099
Encuadernación Olim P-735
Holdings
Estatus retirado Estado de pérdida Estado de daño No para préstamo Biblioteca de origen Biblioteca actual Ubicación en estantería Fecha de adquisición Fuente de adquisición Total de préstamos Signatura topográfica completa Código de barras Visto por última vez Precio de reemplazo Tipo de ítem Koha
        Biblioteca del Ateneo de Madrid Biblioteca del Ateneo de Madrid Depósito 2 19/01/2011     E-14099 1185358 23/02/2023 23/02/2023 Libro impreso